000 00768nam a2200217Ia 4500
003 GCL
005 20240530095347.0
008 140319s9999 xx 000 0 ara d
020 _a8097227977
040 _aGCL /
_cGCL
082 0 4 _a627.80962
_bق/أ م
100 1 _aاحمد السيد النجار
245 1 0 _aمن السد الى توشكى :
_bالنيل والبشر فى مصر الاساطير والواقع /
_cاحمد السيد النجار
250 _aالاولى
260 _aالقاهرة :
_bمركز الدراسات السياسية والاستراتيجية - الأهرام ،
_c1999
300 _a177 ص ؛
_c21 سم
650 0 4 _aنهر النيل
650 0 4 _aالسد العالى
650 0 4 _aتوشكى
942 _2ddc
_cBK
999 _c6478
_d6478